|
|
|
|
| LEADER |
01240nam a2200361 4500 |
| 001 |
000004726 |
| 003 |
867 |
| 005 |
20120412090453.0 |
| 008 |
110803s1986 viesd |
| 020 |
|
|
|c 18000đ
|
| 041 |
0 |
|
|a vie
|
| 082 |
|
|
|a 882
|b RI-O
|
| 100 |
0 |
|
|a Ripit Ơ
|
| 245 |
|
0 |
|a Kịch ƠRipit
|b Iphigiêni ở Ôlix - Iphigiêni ở Tôrit - Mêđê
|c ƠRipit; Nguyễn Giang, Nguyễn Trác dịch
|
| 260 |
|
|
|a H.
|b Văn học
|c 1986
|
| 300 |
|
|
|a 214 tr.
|c 19 cm.
|
| 490 |
|
|
|a Sách văn học mọi nhà; văn học nước ngoài
|
| 653 |
|
|
|a Kịch Hy Lạp cổ
|
| 653 |
|
|
|a Văn học Hy Lạp cổ
|
| 653 |
|
|
|a Văn học nước ngoài
|
| 700 |
|
|
|a Nguyễn Giang
|e Dịch
|
| 700 |
|
|
|a Nguyễn Trác
|e Dịch
|
| 910 |
|
|
|a Huỳnh Thị Cẩm Lai
|d 03/08/2011
|
| OWN |
|
|
|a LSP
|
| AVA |
|
|
|a UDN50
|b LSP
|d 882 RI-O
|e available
|t Error 5001 Not defined in file expand_doc_bib_avail.
|f 5
|g 2
|h N
|i 0
|k 1
|
| 999 |
|
|
|a From the UDN01
|
| AVA |
|
|
|a UDN50
|b LSP
|d 882 RI-O
|e available
|t Error 5001 Not defined in file expand_doc_bib_avail.
|f 5
|g 2
|h N
|i 0
|k 1
|
| TYP |
|
|
|a Monograph
|
| TYP |
|
|
|a Printed language
|
| 980 |
|
|
|a Mạng thư viện Đại học Đà Nẵng
|